Les 13 noms de rues les plus donnés en France - Statistiques

Statistiques générales
  • Ce quiz a été pris 335 fois
  • Le résultat moyen est 3 sur 13
Statistiques - réponses
Ordre Nom de rue % Correct
1 Rue de l'Église
56%
13 Rue Victor-Hugo
52%
7 Rue de la Mairie
45%
2 Grande Rue
32%
5 Rue des Écoles
27%
3 Rue du Moulin
26%
6 Rue de la Gare
24%
11 Rue Pasteur
22%
8 Rue Principale
15%
10 Rue de la Fontaine
12%
4 Rue du Château
10%
9 Rue du Stade
9%
12 Rue des Jardins
4%
Aucun quiz correspondant
Distribution des résultats
% des personnes avec chaque résultat
Percentile par nombre de réponses
Votre historique - résultats
Vous n’avez pas pris ce quiz